00831nam a22002177a 4500999001900000005001700019010001500036020001000051035001400061037001300075082001200088100002100100245004100121250001000162260004600172270013300218300002200351500009200373942002600465952012200491 c195800d19580020230428111040.0 aENG-136735 c85.00 aEN-120267 bDBAD/PUB a330.954 aRao, M Sambasiva00aIndian Economy /cBy Sambasiva M Rao aFirst aAndhra PradeshbLorven Publicationsc2012 bAndhra Pradesha3-5-1108, Maruthi Complex, Narayanguda, Hyderabade500029k2475066mvivadelhi@vivagroupindia.netl91-40-66365445 a253p.;c20cm(pbk) aFor B.A Third Year Of All Universities, Entrance Examinations & Other Competitive Exams 2ddccENmRAOh330.954 001040708NFICaBL4bBL4d2023-04-28eDBAD/PUBg85.00l0o330.954 RAOpEN-120267r2023-04-28 00:00:00t1v85.00yEN